Najdroższe sumarycznie transfery - Statystyki

Ogólne statystyki
  • Ten quiz został rozwiązany 87 razy
  • Średni wynik to 5 z 20
Statystyki odpowiedzi
Podpowiedź Piłkarz % Poprawnych
dwa transfery; 310,2 mln euro Neymar
100%
trzy transfery; 230 mln euro Cristiano Ronaldo
73%
jeden transfer; 145 mln euro Kylian Mbappe
42%
pięć transferów; 203,6 mln euro Romelu Lukaku
42%
dwa transfery; 140 mln euro Ousmane Dembele
34%
cztery transfery; 170,3 mln euro Philippe Coutinho
32%
siedem transferów; 169,1 mln euro Zlatan Ibrahimovic
25%
dwa transfery; 135 mln euro Eden Hazard
24%
jeden trasfer; 126 mln euro Joao Felix
22%
dwa transfery; 174 mln euro Antoine Griezmann
20%
pięć transferów; 179 mln euro Alvaro Morata
18%
cztery transfery; 179 mln euro Angel Di Maria
14%
pięć transferów; 159 mln euro Gonzalo Higuain
6%
osiem transferów; 123,9 mln euro Nicolas Anelka
4%
pięć transferów; 140,6 mln euro James Rodriguez
3%
pięć transferów; 118,7 mln euro David Luiz
0%
cztery transfery; 122,9 mln euro Hernan Crespo
0%
trzy transfery; 120,4 mln euro Joao Cancelo
0%
siedem transferów; 119,6 mnl euro Juan Sebastian Veron
0%
siedem transferów; 126,9 mln euro Paulinho
0%
Nie znaleziono quizów pasujących do podanych kryteriów
Rozkład punktacji
Procent ludzi z każdym wynikiem
Percentyl według liczby udzielonych odpowiedzi
Twoja historia wyników
Nie rozwiązałeś tego quizu